[Event "JUG-ch"]
[Site "?"]
[Date "1989.??.??"]
[Round "?"]
[White "Ilincic, Zlatko"]
[Black "Todorcevic, Miodrag"]
[Result "1-0"]
[WhiteElo "2430"]
[BlackElo "2535"]

1.e4 g6 2.d4 Bg7 3.Nc3 d6 4.Be3 c6 5.Qd2 Nd7 6.f3 b5 7.Nge2 a6 8.g4 Bb7 9.h4 h6
10.Ng3 Qc7 11.f4 b4 12.Nd1 Ngf6 13.Nf2 c5 14.dxc5 dxc5 15.O-O-O O-O-O 16.g5 Nb6
17.Qe2 Nfd7 18.b3 c4 19.Kb1 Nc5 20.Bh3+ Kb8 21.Rxd8+ Rxd8 22.Rd1 Rxd1+ 23.Qxd1 hxg5
24.hxg5 a5 25.e5 Nd5 26.Qd4 cxb3 27.axb3 Nxe3 28.Qxe3 e6 29.Nge4 Bf8 30.Bf1 Qc6
31.Bd3 a4 32.bxa4 Nxa4 33.Qd4 Be7 34.Ng4 Nb6 35.Nh6 Nd5 36.Nxf7 Nxf4 37.Ned6 Nd5
38.Kb2 Qa4 39.Nb5 Nc3 40.Qc4 Bc5 41.Nxc3 bxc3+ 42.Kb1 Qc6 43.Qxc3 Qh1+ 44.Ka2 Qg1
45.Nd6 Bd4 46.Qb4 Qa1+ 47.Kb3 Qb2+ 48.Kc4 Qxb4+ 49.Kxb4 Be3 50.Be4 Bc8 51.Bxg6 Bxg5
52.Kc5 Bf4 53.Nxc8 Kxc8 54.Kd6 Bd2 55.c4 Bh6 56.Kxe6 Bf8 57.Kf7 Bc5 58.Ke8 Kc7
59.e6 Kd6 60.Kf7  1-0

[Event "JUG-ch"]
[Site "?"]
[Date "1989.??.??"]
[Round "?"]
[White "Nikolic, Zivoslav"]
[Black "Cabrilo, Goran"]
[Result "0-1"]
[WhiteElo "2450"]
[BlackElo "2480"]

1.d4 g6 2.e4 Bg7 3.Nc3 d6 4.f4 Nf6 5.Nf3 c5 6.dxc5 Qa5 7.Bd3 Qxc5 8.Qe2 Nc6
9.Be3 Qa5 10.O-O Bg4 11.h3 Bxf3 12.Qxf3 O-O 13.Ne2 Nd7 14.c3 Nce5 15.fxe5 Nxe5
16.Qg3 Nxd3 17.Bg5 Rae8 18.Bxe7 Rxe7 19.Qxd3 Qb6+ 20.Kh1 Qxb2 21.Nf4 Rfe8
22.Nd5 Rxe4 23.Rab1 Qxa2 24.Rxb7 Re1 25.Rxf7 Qe2 26.Qxe2 R8xe2 27.Kh2 Be5+
28.Kg1 Bg3 29.Rf8+ Kg7 30.Rf7+ Kh6 31.Rxe1 Rxe1+ 32.Rf1 Rxf1+ 33.Kxf1 a5
34.Ke2 Kg5 35.Kf3 Be5 36.c4 a4 37.Ke4 a3 38.Nb4 Kh4 39.Kf3 h5 40.Na2 g5 41.Nb4 g4+
42.hxg4 hxg4+ 43.Ke4 Kg3  0-1

[Event "JUG-ch"]
[Site "?"]
[Date "1989.??.??"]
[Round "?"]
[White "Maksimovic, Branimir"]
[Black "Todorcevic, Miodrag"]
[Result "1-0"]
[WhiteElo "2425"]
[BlackElo "2535"]

1.d4 g6 2.e4 Bg7 3.Nc3 d6 4.Nf3 Nf6 5.h3 O-O 6.Be3 c6 7.a4 a5 8.Be2 Na6 9.O-O Nb4
10.Qc1 Qc7 11.Bh6 e5 12.dxe5 dxe5 13.Bc4 Nd7 14.Ne2 Nc5 15.Ng3 Be6 16.Nf5 gxf5
17.Bxg7 Bxc4 18.Bf6 f4 19.Nxe5 Ne6 20.Nxc4 b5 21.Qd1 Rfd8 22.Qg4+ Kf8 23.Bxd8 Rxd8
24.axb5 cxb5 25.Na3 Nc6 26.Rad1 Rb8 27.Rd5 b4 28.Nb5 Qb6 29.Nd6 Ne7 30.Qh5 Nd8
31.Qh6+ Kg8 32.Rh5 Ng6 33.Ne8  1-0

[Event "Kecskemet"]
[Site "Kecskemet"]
[Date "1989.??.??"]
[Round "?"]
[White "Delanoy, Arnaud"]
[Black "Volke, Karsten"]
[Result "0-1"]
[WhiteElo "2340"]
[BlackElo "2395"]

1.e4 g6 2.d4 Bg7 3.Nc3 d6 4.f4 c6 5.Be3 d5 6.e5 h5 7.Nf3 Bg4 8.h3 Bxf3 9.Qxf3 e6
10.g3 Nd7 11.Bf2 Qa5 12.a3 Bf8 13.g4 Bb4 14.Bg2 hxg4 15.hxg4 Rxh1+ 16.Bxh1 Nb6
17.Ra2 Bxc3+ 18.Qxc3 Qxc3+ 19.bxc3 Na4 20.Kd2 Ne7 21.Ra1 Kd7 22.Bf3 Rh8 23.Bg3 Nc8
24.Be2 Ncb6 25.Rg1 Nb2 26.f5 exf5 27.gxf5 gxf5 28.Bf4 Ke6 29.Bg5 Rh2 30.Bf4 N6c4+
31.Ke1 Rh8 32.Kf2 Na4 33.Rg3 Nxa3 34.Bg5 Nxc3 35.Bd3 Ne4+  0-1

[Event "Kehl BM"]
[Site "Kehl"]
[Date "1989.??.??"]
[Round "5"]
[White "Pfrommer, Christoph"]
[Black "Schlenker, Jochen"]
[Result "1-0"]
[WhiteElo "2335"]
[BlackElo "2240"]

1.e4 g6 2.d4 Bg7 3.Nc3 d6 4.f4 Nc6 5.Be3 Nh6 6.Nf3 Bg4 7.Qd2 f5 8.d5 Bxf3
9.dxc6 Bxe4 10.Nxe4 bxc6 11.Nc3 Ng4 12.Be2 e5 13.Bxg4 Qh4+ 14.Qf2 Qxg4 15.Qf3 Qxf3
16.gxf3 Bh6 17.Ne2 d5 18.Kf2 e4 19.Rhd1 Kf7 20.c4 Rhd8 21.Rac1 Rd7 22.cxd5 cxd5
23.Rc5 Rad8 24.Nd4 Rb8 25.b3 Bf8 26.Ra5 c5 27.Nc6 d4 28.Ne5+ Ke8 29.Nxd7 Kxd7
30.fxe4 Kc6 31.exf5 dxe3+ 32.Kxe3 Kb6 33.Ra4 gxf5 34.Rd5 Re8+ 35.Re5 Rxe5+
36.fxe5 Bh6+ 37.Kf3 Bg5 38.e6 a5 39.Rf4  1-0

[Event "Vidmar mem"]
[Site "Ljublana Portoroz"]
[Date "1989.??.??"]
[Round "?"]
[White "Grosar, Aljosa"]
[Black "Todorcevic, Miodrag"]
[Result "1-0"]
[WhiteElo "2365"]
[BlackElo "2535"]

1.e4 g6 2.d4 Bg7 3.Nc3 d6 4.f4 c6 5.Nf3 Bg4 6.Be3 Qb6 7.Qd2 Bxf3 8.gxf3 Nd7
9.O-O-O Qa5 10.Kb1 b5 11.Bd3 Nb6 12.Rhg1 Rb8 13.f5 b4 14.Ne2 Na4 15.Ka1 Nf6
16.Bh6 O-O 17.fxg6 hxg6 18.e5 dxe5 19.Bxg6 fxg6 20.Rxg6 Rf7 21.Rdg1 Nc3 22.Rxg7+ Rxg7
23.Rxg7+ Kh8 24.bxc3 bxc3 25.Qg5  1-0

[Event "Vidmar mem"]
[Site "Ljublana Portoroz"]
[Date "1989.??.??"]
[Round "?"]
[White "Damljanovic, Branko"]
[Black "Todorcevic, Miodrag"]
[Result "0-1"]
[WhiteElo "2530"]
[BlackElo "2535"]

1.d4 g6 2.e4 Bg7 3.Nc3 d6 4.g3 Nc6 5.d5 Ne5 6.f4 Nd7 7.Bg2 Ngf6 8.Nge2 c6
9.dxc6 bxc6 10.Be3 O-O 11.h3 Rb8 12.b3 Qa5 13.O-O Ba6 14.Qe1 Nh5 15.Rf2 Nxg3
16.Nxg3 Bxc3 17.Bd2 Bxd2 18.Rxd2 Nf6 19.c4 Nh5 20.Nxh5 Qxh5 21.Qe3 Bc8 22.Kh2 c5
23.Rd5 Qh6 24.e5 Bb7 25.Rd2 Bxg2 26.Rxg2 Rbd8 27.e6 fxe6 28.Qxe6+ Kh8 29.Rf1 Rxf4
30.Qxe7 Rdf8 31.Qe3 Qh4 32.Rxf4 Qxf4+ 33.Qxf4 Rxf4 34.Re2 Kg7 35.Kg3 Rf7
36.Re6 Rd7 37.Re8 Kf7 38.Ra8 Ke6 39.Kf4 d5 40.Re8+ Kf7 41.Re5 d4 42.Kf3 d3
43.Re1 Kf6 44.Rd1 Ke5 45.Ke3 d2  0-1

[Event "Vidmar mem"]
[Site "Ljublana Portoroz"]
[Date "1989.??.??"]
[Round "?"]
[White "Podlesnik, Bogdan"]
[Black "Todorcevic, Miodrag"]
[Result "1-0"]
[WhiteElo "2415"]
[BlackElo "2535"]

1.e4 g6 2.d4 Bg7 3.Nc3 d6 4.f4 Nf6 5.Nf3 O-O 6.Be2 a6 7.e5 Ne8 8.Be3 Nd7
9.h4 c5 10.h5 cxd4 11.Bxd4 dxe5 12.fxe5 Nc7 13.Bc4 e6 14.Qe2 b5 15.Bd3 Bb7
16.Be4 Bxe4 17.Nxe4 Nd5 18.g4 Qa5+ 19.c3 b4 20.Qh2 bxc3 21.bxc3 f5 22.hxg6 h6
23.g5 fxe4 24.gxh6 Nxe5 25.Nxe5 Nxc3 26.Nc6 Nd5+ 27.Nxa5 Bxd4 28.Rc1 Nf4
29.Nc6 Nd3+ 30.Ke2  1-0

[Event "Lodz"]
[Site "Lodz"]
[Date "1989.??.??"]
[Round "1"]
[White "Womacka, Mathias"]
[Black "Bogdanovski, Vlatko"]
[Result "1-0"]
[WhiteElo "2370"]
[BlackElo "2430"]

1.e4 d6 2.d4 g6 3.Nc3 Bg7 4.f4 Nf6 5.Nf3 O-O 6.Bd3 Nc6 7.O-O Bg4 8.e5 dxe5
9.dxe5 Nd5 10.h3 Nxc3 11.bxc3 Bf5 12.Bxf5 gxf5 13.Nd4 Nxd4 14.cxd4 Qd5 15.Be3 b5
16.Qd3 e6 17.Bf2 f6 18.Qb3 c6 19.Rfe1 Kf7 20.Rad1 a5 21.Bh4 a4 22.Qe3 Rad8
23.Qe2 Kg8 24.a3 Rd7 25.Kh1 Rff7 26.Qh5 Rf8 27.Rd3 Rdf7 28.Ree3 Kh8 29.Rg3 Qd7
30.Rxg7 Kxg7 31.Rg3+ Kh8 32.Bxf6+ Rxf6 33.exf6 Rxf6 34.c3 Rf7 35.Qg5 Qe8
36.Qh6 Qe7 37.Re3 Rf6  1-0

[Event "London WFW"]
[Site "London"]
[Date "1989.??.??"]
[Round "?"]
[White "Wolff, Patrick G"]
[Black "McNab, Colin Anderson"]
[Result "1-0"]
[WhiteElo "2485"]
[BlackElo "2435"]

1.e4 g6 2.d4 d6 3.Nc3 Bg7 4.f4 Nc6 5.Be3 Nf6 6.Nf3 O-O 7.Be2 e6 8.Qd2 a6
9.O-O-O Ne7 10.e5 Nfd5 11.Nxd5 exd5 12.h3 f6 13.exf6 Rxf6 14.g4 Qf8 15.Rde1 Bd7
16.Nh4 c5 17.dxc5 Rc8 18.g5 dxc5 19.gxf6 Qxf6 20.c3 Qxh4 21.Bg4 Bxg4 22.hxg4 Qf6
23.f5 Qf7 24.Bg5 Nc6 25.fxg6 Qxg6 26.Qxd5+ Kh8 27.Re6  1-0

[Event "London NWYM"]
[Site "London"]
[Date "1989.??.??"]
[Round "?"]
[White "Kosten, Anthony C"]
[Black "McNab, Colin Anderson"]
[Result "1-0"]
[WhiteElo "2505"]
[BlackElo "2435"]

1.e4 g6 2.d4 d6 3.Nc3 Bg7 4.f4 Nf6 5.Nf3 c5 6.dxc5 Qa5 7.Bd3 Qxc5 8.Qe2 O-O
9.Be3 Qa5 10.O-O Bg4 11.Qe1 Nc6 12.Kh1 Rac8 13.Nd4 Bd7 14.Nb3 Qc7 15.Nd5 Qd8
16.c3 Ng4 17.Bg1 f5 18.exf5 gxf5 19.Rd1 Kh8 20.Be2 Nf6 21.Bf3 Qe8 22.Qe2 b6
23.Rfe1 Nxd5 24.Bxd5 e5 25.Bf3 Rf6 26.fxe5 Nxe5 27.Nd4 Qg8 28.Bh5 Bf8 29.Nf3 Bc6
30.Bd4 Bg7 31.Nxe5 dxe5 32.Qxe5 Rh6 33.Bf3 Bxf3 34.gxf3 Rg6 35.Qf4 Bxd4 36.Qxd4+ Qg7
37.Qd8+ Qg8 38.Qd7 Rf8 39.Re7 Rh6 40.Qd4+ Rhf6 41.Rg1 Qxa2 42.Qxf6+  1-0

[Event "Lugano op"]
[Site "Lugano"]
[Date "1989.??.??"]
[Round "2"]
[White "Thiel, Thomas"]
[Black "Ditzler, Juerg"]
[Result "1-0"]
[WhiteElo "2215"]
[BlackElo "2300"]

1.e4 g6 2.d4 d6 3.Nc3 Bg7 4.Bc4 Nc6 5.Nf3 e6 6.Bg5 Nge7 7.d5 Nb8 8.e5 h6
9.Bh4 g5 10.Bg3 exd5 11.Nxd5 Nxd5 12.Bxd5 c6 13.Bb3 Qa5+ 14.c3 dxe5 15.Qd6 Nd7
16.O-O Qc5 17.Qc7 Bf6 18.Bxe5 Nxe5 19.Nxe5 O-O 20.Nxf7 Qe7 21.Qxe7 Bxe7 22.Nxg5+ Kg7
23.Ne6+ Bxe6 24.Bxe6 Bc5 25.Rad1 Rae8 26.Bg4 Re7 27.g3 Kg6 28.Rd7 Re1 29.Rxe1 Bxf2+
30.Kg2 Bxe1 31.Bf3 b5 32.Rd1 Re8 33.Kf1 Rf8 34.Rd6+ Kg7 35.Kxe1 Rxf3 36.Rxc6 Rf7
37.Ra6 Rd7 38.Ke2 Re7+ 39.Kd3 h5 40.Ra5 Rb7 41.Ra6 Rf7  1-0

[Event "Lugano op"]
[Site "Lugano"]
[Date "1989.??.??"]
[Round "2"]
[White "Zak, Uriel"]
[Black "Hoi, Carsten"]
[Result "1/2-1/2"]
[WhiteElo "2335"]
[BlackElo "2460"]

1.d4 d6 2.Nc3 g6 3.e4 Bg7 4.g3 Nf6 5.Bg2 O-O 6.Nge2 e5 7.O-O Nc6 8.dxe5 dxe5
9.Bg5 Be6 10.Nd5 Bxd5 11.exd5 Ne7 12.c4 h6 13.Bxf6 Bxf6 14.Qb3 Rb8 15.Rad1 Nf5
16.Qd3 b6 17.b4 Qe7 18.a3 a5 19.Rb1 a4  1/2-1/2

[Event "Lugano op"]
[Site "Lugano"]
[Date "1989.??.??"]
[Round "7"]
[White "Blauert, Joerg"]
[Black "Kljako, Damir"]
[Result "0-1"]
[WhiteElo "2275"]
[BlackElo "2345"]

1.e4 d6 2.d4 g6 3.Nc3 Bg7 4.Nf3 c6 5.a4 a5 6.h3 Nf6 7.Be3 O-O 8.Be2 Qc7 9.O-O e5
10.Nd2 Na6 11.dxe5 dxe5 12.Nc4 Rd8 13.Qc1 Nd7 14.Rd1 Bf8 15.Bg4 Nac5 16.Bh6 Be7
17.Qe3 b6 18.Qg3 Ba6 19.Be2 Ne6 20.Bf1 Bc5 21.Be3 f6 22.Rd2 Ndf8 23.Rad1 Rxd2
24.Rxd2 Rd8 25.Bxc5 Nxc5 26.Qe3 Nfe6 27.Na3 Bxf1 28.Kxf1 Rd4 29.b3 Qd8 30.Nc4 Rxd2
31.Qxd2 Qxd2 32.Nxd2 Nd4 33.Nc4 Nxc2 34.Nxb6 Nxb3 35.Ke2 Na3 36.Kd3 Kf7 37.g3  0-1

[Event "Lugano op"]
[Site "Lugano"]
[Date "1989.??.??"]
[Round "9"]
[White "Filipovic, Branko"]
[Black "Hoi, Carsten"]
[Result "0-1"]
[WhiteElo "2450"]
[BlackElo "2460"]

1.e4 g6 2.d4 Bg7 3.Nc3 d6 4.f4 Nf6 5.Nf3 O-O 6.Bd3 Na6 7.O-O c5 8.d5 Bg4
9.Bc4 Rb8 10.h3 Bxf3 11.Qxf3 Nd7 12.a3 Nc7 13.a4 e6 14.dxe6 fxe6 15.Nb5 Ne5
16.Qe2 Nxc4 17.Qxc4 Kh8 18.Rd1 Nxb5 19.axb5 Qh4 20.Be3 g5 21.Rxd6 gxf4 22.Bf2 Qh5
23.Qxe6 Qe2 24.Rd7 Rg8 25.Qf5 Rbf8 26.Qxc5 Bf6 27.Kh1 b6 28.Qf5 Bg7 29.Raxa7 Rxf5
30.Rxg7 Qd1+ 31.Kh2 Rxg7  0-1

[Event "Lugano op"]
[Site "Lugano"]
[Date "1989.??.??"]
[Round "9"]
[White "Kljako, Damir"]
[Black "Haik, Aldo"]
[Result "1/2-1/2"]
[WhiteElo "2345"]
[BlackElo "2390"]

1.d4 g6 2.e4 Bg7 3.Nc3 d6 4.Nf3 Nf6 5.Be2 O-O 6.h3 c6 7.a4 Qc7 8.Bf4 Nbd7
9.O-O e5 10.dxe5 dxe5 11.Be3 Rd8 12.Qb1 Nf8 13.Qa2 Be6 14.Bc4 Nh5 15.Ne2 Nf4
16.Bxf4 exf4 17.c3 Re8 18.Rfe1 Rad8 19.Ned4 Bxc4 20.Qxc4 Rd7 21.Re2 Rde7
22.Rae1 Nd7 23.Kh1 a6 24.Nb3 b5 25.axb5 axb5 26.Qd3 Nb6 27.Nc5 Nc4 28.Qc2 Ne5
29.Nxe5 Rxe5 30.Nd3 R5e7 31.f3 Rd8 32.Rd1 Red7 33.Red2 Qd6 34.e5 Qe7 35.Nxf4 Bxe5
36.Rxd7 Rxd7 37.Rxd7 Qxd7 38.Nd3 Bg3 39.Qe2 Qa7 40.Qd1 h5 41.Nb4 c5 42.Nd5 Qa2
43.Nf6+ Kg7 44.Ne4 h4 45.Nxc5 Qxb2 46.Ne4 Be5 47.Qe1 f5 48.f4 Bxf4 49.Nc5 Bd6
50.Ne6+ Kf6 51.Nd8 Bg3 52.Qe6+ Kg5 53.Qe3+ Kh5 54.Qf3+ Kh6 55.Qe3+ f4 56.Nf7+ Kg7
57.Qe5+ Kxf7 58.Qc7+ Ke6 59.Qc6+  1/2-1/2

[Event "Marianske Lazne op"]
[Site "Marianske Lazne"]
[Date "1989.??.??"]
[Round "3"]
[White "Novak, Ivan"]
[Black "Glyanets, Alexander"]
[Result "1-0"]
[WhiteElo "2270"]
[BlackElo "2385"]

1.e4 g6 2.d4 Bg7 3.Nc3 d6 4.Nf3 Nf6 5.h3 O-O 6.Be3 a6 7.Be2 b5 8.a3 Bb7 9.e5 dxe5
10.dxe5 Nd5 11.Nxd5 Bxd5 12.Qd2 c6 13.Bh6 Bxf3 14.Bxf3 Qxd2+ 15.Bxd2 Bxe5
16.O-O-O Bd6 17.Kb1 a5 18.Be3 Ra6 19.c4 bxc4 20.Be2 Nd7 21.Bxc4 Raa8 22.f4 a4
23.h4 Nf6 24.f5 gxf5 25.Rhf1 Ng4 26.Bc1 Ra5 27.Bd3 Rb8 28.Rxf5 Rxf5 29.Bxf5 Ne5
30.Re1 e6 31.Bc2 Nc4 32.Ka2 Be5 33.Re4 Bxb2 34.Bf4 e5 35.Bh6 Nxa3 36.Rg4+ Kh8
37.Bg7+ Kg8 38.Bxe5+ Kf8 39.Bxb8  1-0

[Event "Marianske Lazne op"]
[Site "Marianske Lazne"]
[Date "1989.??.??"]
[Round "9"]
[White "Pribyl, Josef"]
[Black "Glyanets, Alexander"]
[Result "1/2-1/2"]
[WhiteElo "2405"]
[BlackElo "2385"]

1.e4 g6 2.d4 Bg7 3.Nc3 d6 4.Be3 c6 5.a4 Nf6 6.h3 O-O 7.Nf3 Qc7 8.a5 Nbd7
9.Qb1 Re8 10.Qa2 e5 11.dxe5 Nxe5 12.Nxe5 Rxe5 13.Bf4 Re8 14.Bd3 Nd5 15.Nxd5 cxd5
16.Qxd5 Bxb2 17.Rb1 Bc3+ 18.Ke2 Be5  1/2-1/2

[Event "Marseille"]
[Site "Marseille"]
[Date "1989.??.??"]
[Round "?"]
[White "Renet, Olivier"]
[Black "Todorcevic, Miodrag"]
[Result "0-1"]
[WhiteElo "2480"]
[BlackElo "2535"]

1.e4 g6 2.d4 Bg7 3.Nc3 d6 4.Bg5 c6 5.Qd2 Nd7 6.f4 b5 7.Nf3 b4 8.Nd1 c5 9.Nf2 Qb6
10.O-O-O Bb7 11.dxc5 Nxc5 12.e5 f6 13.exd6 Bxf3 14.d7+ Kd8 15.gxf3 fxg5 16.Qd5 Rb8
17.Qf7 Bxb2+ 18.Kxb2 Nh6 19.Qg7 Rg8 20.Qxh6 Qf6+ 21.Kc1 b3 22.axb3 Nxb3+
23.cxb3 Qc6+  0-1

[Event "Marseille+"]
[Site "Marseille"]
[Date "1989.??.??"]
[Round "?"]
[White "Kouatly, Bachar"]
[Black "Tal, Mihail"]
[Result "1/2-1/2"]
[WhiteElo "2470"]
[BlackElo "2610"]

1.d4 g6 2.e4 d6 3.Nc3 Bg7 4.Be3 a6 5.a4 Nf6 6.Qd2 O-O 7.Bh6 e5 8.Bxg7 Kxg7
9.dxe5 dxe5 10.Qxd8 Rxd8 11.Bc4 Nc6 12.f3 Nd4 13.Rc1  1/2-1/2

[Event "Mendrisio op"]
[Site "Mendrisio"]
[Date "1989.??.??"]
[Round "3"]
[White "Muir, Andrew J"]
[Black "Arapovic, Vitomir"]
[Result "1-0"]
[WhiteElo "2250"]
[BlackElo "2410"]

1.d4 g6 2.e4 Bg7 3.Nc3 d6 4.f4 c6 5.Nf3 Bg4 6.Be3 Qb6 7.Qd2 Bxf3 8.gxf3 Nd7
9.Bh3 e6 10.O-O-O d5 11.f5 exf5 12.exf5 Ngf6 13.Bh6 O-O 14.fxg6 fxg6 15.Be6+ Kh8
16.h4 Qc7 17.Bf4 Qa5 18.Bxd7 Nxd7 19.h5 g5 20.h6 Rxf4 21.hxg7+ Kg8 22.Rh5 Nf6
23.Rxg5 Rxf3 24.Qe2 Ne4 25.Nxe4  1-0

[Event "Mendrisio op"]
[Site "Mendrisio"]
[Date "1989.??.??"]
[Round "3"]
[White "Weinzettl, Ernst"]
[Black "Marangunic, Srdjan"]
[Result "1/2-1/2"]
[WhiteElo "2270"]
[BlackElo "2455"]

1.e4 g6 2.d4 Bg7 3.Nc3 d6 4.f4 a6 5.Be3 b5 6.Bd3 Bb7 7.a3 Nd7 8.Qe2 c5 9.dxc5 Nxc5
10.Nf3 Rc8 11.O-O Nf6 12.e5 Nd5 13.Nxd5 Bxd5 14.Bxc5 Rxc5 15.Rad1 e6 16.Qe3 O-O
17.Ng5 Rc6 18.Qh3 h6 19.Ne4 dxe5 20.fxe5 Bxe4 21.Bxe4 Qb6+ 22.Kh1 Rc5 23.Rd6 Qc7
24.Qd3 a5 25.h3 Rxe5 26.Rd7 Qc5 27.Bxg6 Re3 28.Bxf7+ Kh8 29.Qg6 Qe5 30.Rdd1 Rg3
31.Qxe6 Qxe6 32.Bxe6 Rxf1+ 33.Rxf1 Bxb2 34.Rb1 Bxa3 35.Rxb5 Bb4 36.Bb3  1/2-1/2

[Event "Mendrisio op"]
[Site "Mendrisio"]
[Date "1989.??.??"]
[Round "4"]
[White "Tortarolo, Massimiliano"]
[Black "Cuijpers, Frans Andre"]
[Result "1/2-1/2"]
[WhiteElo "2290"]
[BlackElo "2400"]

1.e4 g6 2.d4 Bg7 3.Nc3 d6 4.g3 Nf6 5.Bg2 O-O 6.Nge2 c6 7.O-O e5 8.h3 Qc7
9.Be3 b5 10.dxe5 dxe5 11.Nc1 Nbd7 12.Nd3 a5 13.Qd2 Bb7 14.Rfd1 Rad8 15.Qe1 Rfe8
16.f3 Nf8 17.Qf2 N6d7 18.Nc5 Bc8 19.Rd2 Nxc5 20.Rxd8 Qxd8 21.Bxc5 Qd7 22.Rd1 Qb7
23.a4 b4 24.Nb1 Ne6 25.Be3 b3 26.c3 c5 27.Bxc5 Qc6 28.Bb6 Qxa4 29.Rd5 Qa1
30.Rd1 Ba6 31.Qd2 Bf8 32.Bf1 Bxf1 33.Kxf1 Qa2 34.Qc1 a4 35.c4 a3 36.Rd2 Bh6
37.f4 exf4 38.Nc3 axb2 39.Rxb2 fxg3 40.Nxa2 Bxc1 41.Nxc1 Rc8 42.c5 Nxc5 43.Bxc5 Rxc5
44.Nxb3 Rb5 45.Rb1 h5 46.Kg2 h4 47.Nd2 Ra5 48.Nf3 g5 49.e5 Ra2+ 50.Kg1 g4
51.hxg4 h3 52.Ng5 Rg2+ 53.Kh1 Rh2+ 54.Kg1 Rg2+ 55.Kh1  1/2-1/2

[Event "Wuerttemberg-ch"]
[Site "Moeglingen"]
[Date "1989.??.??"]
[Round "9"]
[White "Holzhaeuer, Mathias"]
[Black "Roth, Juergen"]
[Result "1-0"]
[WhiteElo "2315"]
[BlackElo "2300"]

1.e4 g6 2.d4 Bg7 3.Nc3 d6 4.f4 c6 5.Be3 Qb6 6.Qd2 Qxb2 7.Rb1 Qa3 8.Nf3 Nf6
9.Bc4 O-O 10.e5 Ng4 11.Bg1 d5 12.Bd3 e6 13.h3 Nh6 14.g4 Kh8 15.Be3 Ng8 16.h4 f5
17.h5 gxh5 18.Rxh5 Nh6 19.Nh2 b6 20.g5 Nf7 21.Rb3 Qe7 22.Qg2 Bd7 23.Bf2 Be8
24.Bh4 Qc7 25.g6 Nh6 26.Bg5 Bxg6 27.Rxh6 Bxh6 28.Bxh6 Re8 29.Nf3 Qe7 30.Bg5 Qf8
31.Nh4 Qf7 32.Be2 Nd7 33.Nd1 Bh5 34.Rh3 Bxe2 35.Qxe2 Rg8 36.Ne3 c5 37.Nxd5 exd5
38.e6 Qg7 39.Nxf5 Qg6 40.Ne7 Qg7  1-0

[Event "Montpellier-A"]
[Site "Montpellier"]
[Date "1989.??.??"]
[Round "?"]
[White "Pira, Davoud"]
[Black "Todorcevic, Miodrag"]
[Result "1/2-1/2"]
[WhiteElo "2330"]
[BlackElo "2530"]

1.d4 g6 2.e4 Bg7 3.Nc3 d6 4.Nf3 Nf6 5.h3 O-O 6.Be3 c6 7.a4 a5 8.Be2 Na6 9.O-O Nb4
10.Re1 Qc7 11.Qd2 e5 12.Rad1 Re8 13.Bf1 b6 14.Qc1 Bb7 15.dxe5 dxe5 16.Nd2 Rab8
17.Nc4 Ba6 18.Rd2 Re7 19.Red1 h6 20.g4 Nd7 21.Rd6 Kh7 22.Qd2 Bc8 23.f4 b5
24.axb5 cxb5 25.Na3 exf4 26.Bxf4 Ne5 27.Qf2 Bd7 28.Naxb5 Bxb5 29.Bxb5 Qa7
30.Qxa7 Rxa7 31.Ba4 Nc4 32.Rd7 Rab7 33.Rxb7 Rxb7 34.Bc1 Bxc3 35.bxc3 Na2
36.Bb3 Nxc3 37.Re1 Ne5 38.Kf2 Rxb3 39.cxb3 Nd3+ 40.Kf1 Nxe1 41.Kxe1 Nxe4
42.Be3 Ng5 43.Bb6 Nxh3 44.Bxa5 Nf4 45.Kf2  1/2-1/2

[Event "Montpellier-A"]
[Site "Montpellier"]
[Date "1989.??.??"]
[Round "?"]
[White "Vaisman, Volodia"]
[Black "Weill, Roland"]
[Result "1/2-1/2"]
[WhiteElo "2370"]
[BlackElo "2235"]

1.d4 g6 2.e4 Bg7 3.Nc3 d6 4.Be3 c6 5.a4 Nf6 6.h3 O-O 7.Nf3 a5 8.Be2 Na6 9.O-O Nb4
10.Nd2 d5 11.e5 Ne8 12.Na2 Nxa2 13.Rxa2 c5 14.f4 cxd4 15.Bxd4 f6 16.Nf3 Bh6
17.Nh2 fxe5 18.Bxe5 Nf6 19.Qd4 Be6 20.g4 Bg7 21.f5 gxf5 22.gxf5 Bf7 23.Rf2 Kh8
24.Ra1 Rg8 25.Kh1 Qf8 26.Rg1 Be8 27.Rfg2 Bc6 28.Ng4 Qf7 29.Nf2 Raf8 30.Nd3 Bh6
31.Bf4 Bxf4 32.Nxf4 Rxg2 33.Rxg2 Rg8 34.Bf3 Rxg2 35.Bxg2 Qg7 36.Qe5 Ng8 37.Qxg7+ Kxg7
38.Bxd5 Bxa4 39.c4 Bc6 40.Kh2 Bxd5 41.Nxd5 Nh6 42.Nxe7 Kf7 43.Nd5  1/2-1/2

[Event "Naleczow op"]
[Site "Naleczow"]
[Date "1989.??.??"]
[Round "?"]
[White "Przedmojski, Rafal"]
[Black "Sygulski, Boguslaw"]
[Result "1/2-1/2"]
[WhiteElo "2300"]
[BlackElo "2390"]

1.e4 g6 2.d4 Bg7 3.Nc3 d6 4.Be3 c6 5.a4 Nf6 6.h3 Nbd7 7.Nf3 O-O 8.Bc4 d5
9.exd5 Nb6 10.Bb3 Nbxd5 11.O-O Be6 12.Nxd5 Nxd5 13.Bd2 Nc7 14.c4 c5 15.Bc3 cxd4
16.Nxd4 Bd7 17.Bc2 Ne6 18.a5 Rc8 19.b3 Nxd4 20.Bxd4 Bg4 21.hxg4 Bxd4 22.Ra2 e5
23.g3 Rc7 24.Kg2 Rd7 25.Qf3 Qg5 26.Be4 b6 27.Bd5 Kg7 28.Qd1 Bc5  1/2-1/2

[Event "New York op"]
[Site "New York"]
[Date "1989.??.??"]
[Round "4"]
[White "Ochoa de Echaguen, F Javier"]
[Black "Balinas, Rosendo Carrean"]
[Result "1-0"]
[WhiteElo "2435"]
[BlackElo "2390"]

1.e4 g6 2.d4 Bg7 3.Nc3 d6 4.Nf3 Nd7 5.Bc4 e6 6.Bg5 Ne7 7.Qd2 h6 8.Be3 a6
9.a4 c6 10.O-O b5 11.Be2 Bb7 12.Bf4 e5 13.dxe5 dxe5 14.Be3 b4 15.Na2 c5 16.c3 b3
17.Nc1 Qc7 18.Rd1 Nf6 19.Nxb3 Nxe4 20.Qe1 f5 21.Nfd2 Nxd2 22.Qxd2 c4 23.Nc5 Bd5
24.f3 O-O 25.b3 Rfd8 26.Qe1 cxb3 27.Nxa6 Rxa6 28.Bxa6 e4 29.Qf2 Qxc3 30.Rac1 Qf6
31.Bc4 b2 32.Rb1 exf3 33.Bc5 Bxc4 34.Rxd8+ Kh7 35.Bb4 Qg5 36.Bxe7 Qc1+ 37.Rd1  1-0

[Event "New York op"]
[Site "New York"]
[Date "1989.??.??"]
[Round "6"]
[White "Shirazi, Kamran G"]
[Black "Shamkovich, Leonid"]
[Result "1-0"]
[WhiteElo "2395"]
[BlackElo "2450"]

1.e4 g6 2.d4 Bg7 3.Nc3 d6 4.Bc4 Nf6 5.Qe2 e5 6.dxe5 dxe5 7.Nf3 Qe7 8.Bg5 c6
9.O-O-O h6 10.Nxe5 Qxe5 11.f4 Qe7 12.Bh4 Bg4 13.Qd3 Bxd1 14.e5 Be2 15.Nxe2 Nbd7
16.Re1 O-O-O 17.Nd4 Qc5 18.Nb3 Qb6 19.exf6 Bxf6 20.Bxf6 Nxf6 21.Qh3+ Rd7
22.Bxf7 Qf2 23.Qe6 Qxf4+ 24.Kb1 Qd6 25.Qh3 Kc7 26.Bxg6 Re7 27.Rxe7+ Qxe7
28.a3 Qe5 29.Qf3 Rd8 30.Bd3 h5 31.h3 Rd6 32.g4 hxg4 33.hxg4 Nd5 34.Ka2 Nf4
35.Bf5 Ne6 36.c3 Qf4 37.Qh1 Qc4 38.Qh7+ Kb6 39.Qe7 Qd5 40.c4 Qd1 41.Bxe6 c5
42.Bd5 Rxd5 43.cxd5  1-0

[Event "Kotov mem"]
[Site "Odessa"]
[Date "1989.??.??"]
[Round "?"]
[White "Moskalenko, Viktor"]
[Black "Zhelnin, Vladimir V"]
[Result "1-0"]
[WhiteElo "2500"]
[BlackElo "2320"]

1.d4 g6 2.e4 Bg7 3.Nc3 d6 4.f4 Nf6 5.Nf3 O-O 6.Bd3 Nc6 7.e5 dxe5 8.fxe5 Nd5
9.Nxd5 Qxd5 10.c3 Na5 11.Qe2 c5 12.Be4 Qd8 13.dxc5 Qc7 14.Be3 Bg4 15.Bd4 Nc6
16.Bxc6 Qxc6 17.O-O Rad8 18.b4 Rd5 19.h3 Bxf3 20.Rxf3 e6 21.a4 Qc7 22.Re3 a5
23.Rb1 axb4 24.Rxb4 Rc8 25.Qb2 Rd7 26.Rb6 Bf8 27.Rd6 Bxd6 28.exd6 Qc6 29.Qf2 f5
30.Rxe6 Qd5 31.Qe2 Rf8 32.Re7 Rxe7 33.Qxe7 Rf7 34.Qe8+ Rf8 35.Qe7 Rf7 36.Qe8+ Rf8
37.d7 f4 38.Qe7 Qf7 39.d8=Q  1-0

[Event "Ostend op"]
[Site "Ostend"]
[Date "1989.??.??"]
[Round "4"]
[White "Winants, Luc"]
[Black "Tonoli, Jose"]
[Result "1-0"]
[WhiteElo "2425"]
[BlackElo "2255"]

1.e4 g6 2.d4 Bg7 3.Nc3 d6 4.Be3 c6 5.Qd2 Nd7 6.f3 a6 7.h4 h5 8.Nh3 Ndf6 9.Ng5 b5
10.a3 Bb7 11.g3 e6 12.Bh3 a5 13.Ne2 Qe7 14.Rd1 Nd7 15.O-O Ngf6 16.b3 O-O
17.Nf4 Rfe8 18.Bf2 a4 19.b4 Nb6 20.Rfe1 Nc4 21.Qc1 e5 22.dxe5 Nxe5 23.Nd3 Nh7
24.Nxe5 Qxe5 25.Nxh7 Kxh7 26.Kh2 c5 27.bxc5 dxc5 28.Bd7 Reb8 29.Bxb5 Bc8
30.Bf1 Rb2 31.Bd4 Qxd4 32.Rxd4 Bxd4 33.Bc4 Ra7 34.Rd1 Bg7 35.Rd8 Rc7 36.Qd1 Bd4
37.Qc1 Bf6 38.Rd6 Be5 39.Rd5 Bg7 40.e5 Rb6 41.Rd6 Rxd6 42.exd6 Rd7 43.Qf4 Bf8
44.Bxf7 Kg7 45.Be6 Bxd6 46.Qxa4  1-0

[Event "Rubinstein mem"]
[Site "Polanica Zdroj"]
[Date "1989.??.??"]
[Round "2"]
[White "Haba, Petr"]
[Black "Davies, Nigel R"]
[Result "1/2-1/2"]
[WhiteElo "2480"]
[BlackElo "2485"]

1.d4 d6 2.e4 g6 3.Nc3 Bg7 4.Be3 a6 5.a4 Nc6 6.h3 e5 7.Nf3 exd4 8.Nxd4 Nf6
9.g3 O-O 10.Bg2 Bd7 11.Nde2 b5 12.O-O b4 13.Nd5 Nxd5 14.exd5 Ne7 15.Bd4 Nf5
16.Bxg7 Kxg7 17.Qd2 Qf6 18.Qxb4 Rab8 19.Qc4 Rxb2 20.g4 Nh4 21.Ng3 Re8 22.Qxc7 Re7
23.Qc4 Kg8 24.Rae1 Rb8 25.Rxe7 Qxe7 26.Ne4 f5 27.Qc7 Rd8 28.Qxd6 Qxd6 29.Nxd6 Nxg2
30.Nb7 Rc8 31.Kxg2 fxg4 32.hxg4 Rxc2 33.Re1 Rd2 34.Nc5 Rxd5 35.Nxd7  1/2-1/2

[Event "Rubinstein mem"]
[Site "Polanica Zdroj"]
[Date "1989.??.??"]
[Round "4"]
[White "Tseitlin, Mikhail S"]
[Black "Davies, Nigel R"]
[Result "1/2-1/2"]
[WhiteElo "2460"]
[BlackElo "2485"]

1.e4 d6 2.d4 g6 3.Nc3 Bg7 4.Bg5 Nc6 5.Nf3 Bg4 6.Bb5 a6 7.Bxc6+ bxc6 8.Qd2 Qb8
9.O-O-O Qb4 10.Rhe1 Rb8 11.b3 c5 12.Be3 cxd4 13.Bxd4 Bh6 14.Be3 Bg7 15.Bd4 Bh6
16.Be3 Bg7  1/2-1/2

[Event "Porz op23"]
[Site "Porz"]
[Date "1989.??.??"]
[Round "3"]
[White "Auer, Martin"]
[Black "Schneider, B."]
[Result "1/2-1/2"]
[WhiteElo "2250"]
[BlackElo "2470"]

1.e4 g6 2.d4 Bg7 3.Nc3 d6 4.Nf3 Bg4 5.Be2 Nf6 6.O-O O-O 7.Be3 Nc6 8.h3 Bxf3
9.Bxf3 e5 10.Ne2 exd4 11.Nxd4 Ne5 12.Bg5 h6 13.Bh4 Re8 14.Re1 c6 15.c3 Qb6
16.Rb1 Re7 17.g4 c5 18.Nc2 g5 19.Bg3 Nxf3+ 20.Qxf3 Rae8 21.Ne3 Rxe4 22.Red1 Qc6
23.Nf5 Re1+ 24.Kg2 Qxf3+ 25.Kxf3 Rxd1 26.Rxd1 d5 27.Bd6 Bf8 28.Bxf8 Kxf8
29.Nxh6 Rd8 30.Nf5 Ng8 31.Re1 Rd7 32.Re5 b6 33.Kg3 f6  1/2-1/2